00857nam a2200205 a 4500001001000000003000400010005001700014008004100031040002500072082002100097100004600118245009100164260008800255300002100343490006200364500007200426650004800498650004300546830006200589000032860OSt20250307073710.0110801s1932 dr 000 0 spa d aDO-SdBNPbspacBNPHU 4a467.9bH519s2221 aHenríquez Ureña, Pedro,d1884-1946 10aSobre el problema del andalucismo dialectal de América /cPedro Henríquez Ureña. aBuenos Aires :bFacultad de Filosofía y Letras, Instituto de Filología, c1932. a136 p. ;c23 cm.1 aBiblioteca de Dialectología Hispanoamericana aAnejov1 aIncluye referencias bibliográficas y notas al pie de las paginas  4aEspanolxProvincialismoszAmérica del Sur 4aEspanolxProvincialismoszAndalucía  0aBiblioteca de Dialectología Hispanoamericana. Anejo n1